[Event "European Rapid Championship 2021"]
[Site "Katowice"]
[Date "2021.12.19"]
[Round "7.20"]
[White "Pultinevicius, Paulius"]
[Black "Przybylski, Wojciech"]
[Result "1-0"]
[WhiteElo "2536"]
[BlackElo "2321"]
[Annotator "ChessBase"]
[PlyCount "115"]
[EventDate "2021.12.18"]
[EventType "swiss"]
[EventCountry "POL"]
[SourceTitle "playchess.com"]
[Source "ChessBase"]
[SourceQuality "1"]
[TimeControl "900+10"]

1. d4 {[%emt 0:00:01]} Nf6 {[%emt 0:00:08]} 2. c4 {[%emt 0:00:01]} c6 {[%emt 0:
00:02]} 3. Nf3 {[%emt 0:00:02]} d5 {[%emt 0:00:03]} 4. e3 {[%emt 0:00:01]} Bf5
{[%emt 0:00:06]} 5. Nc3 {[%emt 0:00:18]} e6 {[%emt 0:00:04]} 6. Nh4 {[%emt 0:
00:04]} Bg6 {[%emt 0:00:52]} 7. Qb3 {[%emt 0:00:51]} Qc7 {[%emt 0:00:47]} 8.
Nxg6 {[%emt 0:01:02]} hxg6 {[%emt 0:00:02]} 9. g3 {[%emt 0:00:01]} Nbd7 {
[%emt 0:00:29]} 10. Bg2 {[%emt 0:00:07]} Be7 {[%emt 0:00:47]} 11. O-O {[%emt 0:
02:23]} O-O {[%emt 0:01:10]} 12. e4 {[%emt 0:02:06]} dxe4 {[%emt 0:03:51]} 13.
Nxe4 {[%emt 0:02:27]} Nxe4 {[%emt 0:00:26]} 14. Bxe4 {[%emt 0:00:03]} e5 {
[%emt 0:00:01]} 15. dxe5 {[%emt 0:00:04]} Nc5 {[%emt 0:01:23]} 16. Qc2 {
[%emt 0:00:43]} Qxe5 {[%emt 0:00:03]} 17. Bg2 {[%emt 0:00:43]} Bf6 {[%emt 0:00:
05]} 18. Be3 {[%emt 0:00:18]} Ne6 {[%emt 0:00:17]} 19. Rad1 {[%emt 0:00:17]}
Rfd8 {[%emt 0:01:05]} 20. Rxd8+ {[%emt 0:02:23]} Rxd8 {[%emt 0:00:10]} 21. b4 {
[%emt 0:01:19]} Nd4 {[%emt 0:02:24]} 22. Qa4 {[%emt 0:00:01]} a6 {[%emt 0:00:
08]} 23. Kh1 {[%emt 0:00:22]} Qe6 {[%emt 0:00:06]} 24. c5 {[%emt 0:00:44]} Nb5
{[%emt 0:00:53]} 25. Qc2 {[%emt 0:00:07]} Nd4 {[%emt 0:00:31]} 26. Qb1 {
[%emt 0:00:11]} Nf5 {[%emt 0:00:08]} 27. Bf4 {[%emt 0:00:04]} Qc4 {[%emt 0:00:
35]} 28. Re1 {[%emt 0:00:34]} Qd4 {[%emt 0:00:49]} 29. Kg1 {[%emt 0:00:08]} a5
{[%emt 0:00:30]} 30. Bc7 {[%emt 0:00:24]} Rc8 {[%emt 0:01:12]} 31. Bxa5 {
[%emt 0:00:05]} Qc4 {[%emt 0:00:04]} 32. Bh3 {[%emt 0:00:25]} Rf8 {[%emt 0:00:
58]} 33. Rc1 {[%emt 0:00:47]} Qd5 {[%emt 0:00:11]} 34. Bg2 {[%emt 0:00:02]} Qd2
{[%emt 0:00:17]} 35. Rd1 {[%emt 0:00:03]} Qe2 {[%emt 0:00:02]} 36. Bf1 {
[%emt 0:00:53]} Qe6 {[%emt 0:00:08]} 37. Re1 {[%emt 0:00:06]} Qd5 {[%emt 0:00:
01]} 38. Bg2 {[%emt 0:00:39]} Qc4 {[%emt 0:00:01]} 39. Re4 {[%emt 0:00:13]} Qc3
{[%emt 0:00:08]} 40. Qe1 {[%emt 0:00:09]} Qa3 {[%emt 0:00:05]} 41. Qd2 {
[%emt 0:00:04]} Bc3 {[%emt 0:00:17]} 42. Qc2 {[%emt 0:00:18]} Bf6 {[%emt 0:00:
29]} 43. Qc4 {[%emt 0:00:28]} Qb2 {[%emt 0:00:05]} 44. Bf1 {[%emt 0:00:14]} Nd4
{[%emt 0:00:02]} 45. Kg2 {[%emt 0:00:05]} g5 {[%emt 0:00:07]} 46. h3 {[%emt 0:
00:01]} Ne6 {[%emt 0:00:29]} 47. Bd3 {[%emt 0:00:08]} Nd4 {[%emt 0:00:04]} 48.
Bc7 {[%emt 0:00:21]} Nb5 {[%emt 0:00:14]} 49. Re2 {[%emt 0:00:08]} Qc3 {
[%emt 0:00:19]} 50. Qe4 {[%emt 0:00:10]} g6 {[%emt 0:00:05]} 51. Bxb5 {[%emt 0:
00:02]} cxb5 {[%emt 0:00:02]} 52. Bd6 {[%emt 0:00:03]} Rd8 {[%emt 0:00:09]} 53.
Re3 {[%emt 0:00:02]} Qc4 {[%emt 0:00:16]} 54. Qxb7 {[%emt 0:00:10]} Qxb4 {
[%emt 0:00:05]} 55. Rf3 {[%emt 0:00:02]} Qb2 {[%emt 0:00:23]} 56. c6 {[%emt 0:
00:17]} Rxd6 {[%emt 0:00:05]} 57. c7 {[%emt 0:00:01]} Rd8 {[%emt 0:00:11]} 58.
cxd8=Q+ {[%emt 0:00:06]} 1-0

[Event "European Rapid Championship 2021"]
[Site "Katowice"]
[Date "2021.12.19"]
[Round "7.20"]
[White "Szente Varga, Fruzsina"]
[Black "Golubovskis, Maksims"]
[Result "0-1"]
[WhiteElo "1984"]
[BlackElo "2210"]
[Annotator "NA"]
[PlyCount "88"]
[EventDate "2021.12.18"]
[EventType "swiss"]
[EventCountry "POL"]
[SourceTitle "playchess.com"]
[Source "ChessBase"]
[SourceQuality "1"]
[TimeControl "900+10"]

1. e4 {[%emt 0:00:02]} c5 {[%emt 0:00:28]} 2. Nf3 {[%emt 0:00:02]} Nc6 {
[%emt 0:00:01]} 3. b3 {[%emt 0:00:05]} g6 {[%emt 0:00:26]} 4. Bb2 {[%emt 0:00:
02]} Nf6 {[%emt 0:00:01]} 5. e5 {[%emt 0:00:17]} Nd5 {[%emt 0:00:01]} 6. Bb5 {
[%emt 0:00:23]} Bg7 {[%emt 0:00:05]} 7. O-O {[%emt 0:00:10]} O-O {[%emt 0:00:
02]} 8. d3 {[%emt 0:01:27]} Nc7 {[%emt 0:01:30]} 9. Bxc6 {[%emt 0:00:08]} dxc6
{[%emt 0:00:05]} 10. Nbd2 {[%emt 0:02:25]} Bf5 {[%emt 0:00:20]} 11. Nh4 {
[%emt 0:01:33]} Be6 {[%emt 0:00:01]} 12. Ne4 {[%emt 0:01:20]} b6 {[%emt 0:00:
00]} 13. f4 {[%emt 0:01:42]} Bd5 {[%emt 0:02:04]} 14. f5 {[%emt 0:01:34]} Bxe4
{[%emt 0:03:05]} 15. dxe4 {[%emt 0:00:02]} Qxd1 {[%emt 0:01:41]} 16. Raxd1 {
[%emt 0:00:01]} Rad8 {[%emt 0:00:05]} 17. c4 {[%emt 0:02:07]} Na6 {[%emt 0:01:
52]} 18. a3 {[%emt 0:00:01]} b5 {[%emt 0:00:13]} 19. cxb5 {[%emt 0:02:12]} cxb5
{[%emt 0:00:01]} 20. Nf3 {[%emt 0:00:46]} Bh6 {[%emt 0:01:20]} 21. Kf2 {
[%emt 0:00:01]} c4 {[%emt 0:00:19]} 22. b4 {[%emt 0:01:05]} Nb8 {[%emt 0:02:26]
} 23. Nd4 {[%emt 0:00:14]} a6 {[%emt 0:00:08]} 24. Kf3 {[%emt 0:00:21]} Rc8 {
[%emt 0:00:23]} 25. Bc3 {[%emt 0:00:08]} Rfd8 {[%emt 0:00:08]} 26. e6 {[%emt 0:
00:19]} Bg7 {[%emt 0:00:42]} 27. exf7+ Kxf7 {[%emt 0:00:01]} 28. g4 {[%emt 0:
00:40]} Bxd4 {[%emt 0:01:07]} 29. Rxd4 {[%emt 0:00:25]} Nc6 {[%emt 0:00:00]}
30. Rdd1 {[%emt 0:00:01]} e5 31. Ke3 {[%emt 0:00:22]} g5 {[%emt 0:00:56]} 32.
Rd5 {[%emt 0:00:04]} Ne7 {[%emt 0:00:02]} 33. Rdd1 {[%emt 0:00:21]} Kf6 {
[%emt 0:00:29]} 34. h4 {[%emt 0:00:03]} gxh4 {[%emt 0:00:08]} 35. g5+ {[%emt 0:
00:04]} Kxg5 {[%emt 0:00:04]} 36. Bxe5 {[%emt 0:00:01]} Rxd1 {[%emt 0:00:14]}
37. Rxd1 {[%emt 0:00:00]} c3 {[%emt 0:00:29]} 38. Rg1+ {[%emt 0:00:03]} Kh5 {
[%emt 0:00:00]} 39. Kf4 {[%emt 0:00:05]} h6 {[%emt 0:00:24]} 40. Bf6 {[%emt 0:
00:05]} Ng8 {[%emt 0:00:03]} 41. Bxh4 c2 42. Be1 {[%emt 0:00:12]} c1=Q+ {
[%emt 0:00:12]} 43. Kf3 {[%emt 0:00:08]} Rc3+ {[%emt 0:00:06]} 44. Bxc3 {
[%emt 0:00:04]} Qxg1 {[%emt 0:00:03]} 0-1

[Event "European Rapid Championship 2021"]
[Site "Katowice"]
[Date "2021.12.19"]
[Round "7.21"]
[White "Tazbir, Marcin"]
[Black "Semjonovs, Ilja"]
[Result "1-0"]
[WhiteElo "2514"]
[BlackElo "2383"]
[Annotator "ChessBase"]
[PlyCount "59"]
[EventDate "2021.12.18"]
[EventType "swiss"]
[EventCountry "POL"]
[SourceTitle "playchess.com"]
[Source "ChessBase"]
[SourceQuality "1"]
[TimeControl "900+10"]

1. c4 {[%emt 0:00:02]} e5 {[%emt 0:07:28]} 2. g3 {[%emt 0:00:02]} Nf6 {[%emt 0:
00:02]} 3. Bg2 {[%emt 0:00:00]} d5 {[%emt 0:00:05]} 4. cxd5 {[%emt 0:00:02]}
Nxd5 {[%emt 0:00:01]} 5. Nc3 {[%emt 0:00:01]} Nb6 {[%emt 0:00:01]} 6. e3 {
[%emt 0:00:01]} Be7 {[%emt 0:00:18]} 7. Nge2 {[%emt 0:00:02]} O-O {[%emt 0:00:
10]} 8. O-O {[%emt 0:00:02]} Nc6 {[%emt 0:00:36]} 9. f4 {[%emt 0:00:19]} exf4 {
[%emt 0:01:00]} 10. Nxf4 {[%emt 0:00:02]} Nb4 {[%emt 0:00:38]} 11. d4 {[%emt 0:
00:11]} c6 {[%emt 0:00:37]} 12. e4 {[%emt 0:01:33]} Na6 {[%emt 0:00:41]} 13.
Be3 {[%emt 0:00:26]} Nc7 {[%emt 0:00:14]} 14. Kh1 {[%emt 0:00:59]} Ne6 {
[%emt 0:00:17]} 15. Nxe6 {[%emt 0:00:35]} Bxe6 {[%emt 0:00:20]} 16. d5 {
[%emt 0:00:01]} cxd5 {[%emt 0:00:18]} 17. exd5 {[%emt 0:00:01]} Bd7 {[%emt 0:
00:34]} 18. Bd4 {[%emt 0:00:03]} Rc8 {[%emt 0:00:17]} 19. Qd3 {[%emt 0:01:53]}
Bc5 {[%emt 0:00:38]} 20. Be5 {[%emt 0:00:05]} Bg4 {[%emt 0:02:05]} 21. Rae1 {
[%emt 0:00:46]} Qd7 {[%emt 0:00:32]} 22. Ne4 {[%emt 0:01:12]} Bb4 {[%emt 0:00:
45]} 23. Ng5 {[%emt 0:00:02]} g6 {[%emt 0:00:42]} 24. Ne4 {[%emt 0:00:09]} f6 {
[%emt 0:00:27]} 25. Nxf6+ {[%emt 0:00:23]} Rxf6 {[%emt 0:00:01]} 26. Bxf6 {
[%emt 0:00:01]} Bxe1 {[%emt 0:00:08]} 27. Rxe1 {[%emt 0:00:01]} Bh3 {[%emt 0:
00:11]} 28. Bxh3 {[%emt 0:01:03]} Qxh3 {[%emt 0:00:01]} 29. d6 {[%emt 0:00:01]}
Rf8 {[%emt 0:00:20]} 30. Qb3+ {[%emt 0:00:03]} 1-0

[Event "European Rapid Championship 2021"]
[Site "Katowice"]
[Date "2021.12.19"]
[Round "7.21"]
[White "Parol, Pawel"]
[Black "Paszewski, Mateusz"]
[Result "0-1"]
[WhiteElo "2146"]
[BlackElo "2202"]
[Annotator "ChessBase"]
[PlyCount "160"]
[EventDate "2021.12.18"]
[EventType "swiss"]
[EventCountry "POL"]
[SourceTitle "playchess.com"]
[Source "ChessBase"]
[SourceQuality "1"]
[TimeControl "900+10"]

1. d4 {[%emt 0:00:02]} d5 {[%emt 0:07:06]} 2. c4 {[%emt 0:00:03]} c6 {[%emt 0:
00:01]} 3. Nf3 {[%emt 0:00:04]} Nf6 {[%emt 0:00:01]} 4. e3 {[%emt 0:00:06]} e6
{[%emt 0:00:06]} 5. b3 {[%emt 0:00:19]} Ne4 {[%emt 0:00:02]} 6. Bb2 {[%emt 0:
01:40]} Bb4+ {[%emt 0:00:01]} 7. Nbd2 {[%emt 0:00:10]} Qf6 {[%emt 0:00:05]} 8.
Qe2 {[%emt 0:02:10]} dxc4 {[%emt 0:04:39]} 9. bxc4 {[%emt 0:02:17]} c5 {
[%emt 0:00:01]} 10. g3 {[%emt 0:04:09]} Nc6 {[%emt 0:00:31]} 11. Bg2 {[%emt 0:
00:25]} cxd4 {[%emt 0:00:11]} 12. exd4 {[%emt 0:04:43]} Nxd2 {[%emt 0:00:04]}
13. Nxd2 {[%emt 0:00:03]} Nxd4 {[%emt 0:00:10]} 14. Qd3 {[%emt 0:01:05]} Nf3+ {
[%emt 0:00:07]} 15. Bxf3 {[%emt 0:00:01]} Qxb2 {[%emt 0:00:01]} 16. Ke2 {
[%emt 0:00:16]} Qxd2+ {[%emt 0:02:40]} 17. Qxd2 {[%emt 0:00:02]} Bxd2 {[%emt 0:
00:01]} 18. Kxd2 {[%emt 0:00:01]} Kd8 {[%emt 0:00:00]} 19. Kc3 {[%emt 0:00:27]}
Kc7 {[%emt 0:00:01]} 20. Rhd1 {[%emt 0:00:01]} Rb8 {[%emt 0:00:16]} 21. c5 {
[%emt 0:00:20]} Bd7 {[%emt 0:00:46]} 22. Rd6 {[%emt 0:00:14]} Bc6 {[%emt 0:00:
01]} 23. Bxc6 {[%emt 0:00:02]} bxc6 {[%emt 0:00:01]} 24. Rad1 {[%emt 0:00:07]}
Rhd8 {[%emt 0:00:01]} 25. R1d4 {[%emt 0:00:19]} Rxd6 {[%emt 0:00:07]} 26. cxd6+
{[%emt 0:00:03]} Kd7 {[%emt 0:00:01]} 27. Rd2 {[%emt 0:00:19]} Rb5 {[%emt 0:00:
11]} 28. Kc4 {[%emt 0:00:03]} a5 {[%emt 0:00:56]} 29. f4 {[%emt 0:00:17]} h5 {
[%emt 0:00:11]} 30. h3 {[%emt 0:00:04]} g6 {[%emt 0:00:03]} 31. h4 {[%emt 0:00:
16]} Rb4+ {[%emt 0:01:04]} 32. Kc5 {[%emt 0:00:05]} Rb5+ {[%emt 0:00:07]} 33.
Kc4 {[%emt 0:00:01]} Rb1 {[%emt 0:00:43]} 34. Rd3 {[%emt 0:00:20]} Rb4+ {
[%emt 0:00:06]} 35. Kc5 {[%emt 0:00:04]} Rb5+ {[%emt 0:00:11]} 36. Kc4 {
[%emt 0:00:02]} Rd5 {[%emt 0:00:05]} 37. Rb3 {[%emt 0:00:19]} Kxd6 {[%emt 0:00:
04]} 38. Rb7 {[%emt 0:00:03]} Rf5 {[%emt 0:00:08]} 39. Ra7 {[%emt 0:00:10]}
Rc5+ {[%emt 0:00:09]} 40. Kd4 {[%emt 0:00:07]} Rd5+ {[%emt 0:00:30]} 41. Kc4 {
[%emt 0:00:07]} Rc5+ {[%emt 0:00:06]} 42. Kd4 {[%emt 0:00:01]} Rf5 {[%emt 0:00:
18]} 43. Kc4 {[%emt 0:00:02]} Rc5+ {[%emt 0:00:14]} 44. Kd4 {[%emt 0:00:01]}
Rc2 {[%emt 0:00:02]} 45. Rxa5 {[%emt 0:00:07]} f6 {[%emt 0:00:11]} 46. Ra8 {
[%emt 0:00:59]} Rg2 {[%emt 0:00:06]} 47. Ra3 {[%emt 0:00:12]} e5+ {[%emt 0:00:
13]} 48. fxe5+ {[%emt 0:00:08]} fxe5+ {[%emt 0:00:00]} 49. Ke4 {[%emt 0:00:04]}
Re2+ {[%emt 0:00:03]} 50. Kf3 {[%emt 0:00:18]} Rb2 {[%emt 0:00:08]} 51. Rd3+ {
[%emt 0:00:08]} Ke6 {[%emt 0:00:03]} 52. Rc3 {[%emt 0:00:06]} Rxa2 {[%emt 0:00:
08]} 53. Rxc6+ {[%emt 0:00:02]} Kf5 {[%emt 0:00:01]} 54. Rc3 {[%emt 0:00:24]}
Rd2 {[%emt 0:00:01]} 55. Ke3 {[%emt 0:00:06]} Rd4 {[%emt 0:00:02]} 56. Rc8 {
[%emt 0:00:05]} Rd6 {[%emt 0:00:19]} 57. Re8 {[%emt 0:00:15]} Ra6 {[%emt 0:00:
25]} 58. Rf8+ {[%emt 0:00:03]} Kg4 {[%emt 0:00:02]} 59. Re8 {[%emt 0:00:20]}
Kxg3 {[%emt 0:00:08]} 60. Rxe5 {[%emt 0:00:02]} Kxh4 {[%emt 0:00:01]} 61. Kf3 {
[%emt 0:00:05]} Ra2 {[%emt 0:00:43]} 62. Re4+ {[%emt 0:00:06]} Kh3 {[%emt 0:00:
13]} 63. Re5 {[%emt 0:00:14]} Kh4 {[%emt 0:00:08]} 64. Re4+ {[%emt 0:00:04]}
Kg5 {[%emt 0:00:01]} 65. Re5+ {[%emt 0:00:11]} Kf6 {[%emt 0:00:04]} 66. Rb5 {
[%emt 0:00:04]} Rd2 {[%emt 0:00:08]} 67. Rb6+ {[%emt 0:00:10]} Kg5 {[%emt 0:00:
02]} 68. Rb5+ {[%emt 0:00:06]} Kh4 {[%emt 0:00:13]} 69. Rb4+ {[%emt 0:00:01]}
Kh3 {[%emt 0:00:08]} 70. Rb5 {[%emt 0:00:02]} Rg2 {[%emt 0:00:24]} 71. Rb1 {
[%emt 0:00:14]} Kh2 {[%emt 0:00:22]} 72. Kf4 {[%emt 0:00:52]} g5+ {[%emt 0:00:
05]} 73. Kf5 {[%emt 0:00:00]} h4 {[%emt 0:00:20]} 74. Kg6 {[%emt 0:00:17]} g4 {
[%emt 0:00:22]} 75. Kh5 {[%emt 0:00:01]} h3 {[%emt 0:00:10]} 76. Kh4 {[%emt 0:
00:01]} g3 {[%emt 0:00:13]} 77. Kg4 {[%emt 0:00:31]} Ra2 {[%emt 0:00:03]} 78.
Rb3 {[%emt 0:00:11]} Ra4+ {[%emt 0:00:05]} 79. Kf3 {[%emt 0:00:01]} g2 {
[%emt 0:00:03]} 80. Rb2 {[%emt 0:00:19]} Kh1 {[%emt 0:00:01]} 0-1

[Event "European Rapid Championship 2021"]
[Site "Katowice"]
[Date "2021.12.19"]
[Round "7.22"]
[White "Dragnev, Valentin"]
[Black "Ortega Ruiz, Jose Miguel"]
[Result "1-0"]
[WhiteElo "2409"]
[BlackElo "2150"]
[Annotator "NA"]
[PlyCount "43"]
[EventDate "2021.12.18"]
[EventType "swiss"]
[EventCountry "POL"]
[SourceTitle "playchess.com"]
[Source "ChessBase"]
[SourceQuality "1"]
[TimeControl "900+10"]

1. e4 {[%emt 0:00:08]} e5 {[%emt 0:00:05]} 2. Nf3 {[%emt 0:00:03]} Nc6 {
[%emt 0:00:02]} 3. Bb5 {[%emt 0:00:09]} a6 {[%emt 0:00:01]} 4. Ba4 {[%emt 0:00:
02]} Nf6 {[%emt 0:00:05]} 5. d3 {[%emt 0:00:06]} b5 {[%emt 0:00:40]} 6. Bb3 {
[%emt 0:00:02]} Be7 {[%emt 0:00:03]} 7. a4 {[%emt 0:00:15]} b4 {[%emt 0:00:15]}
8. a5 {[%emt 0:00:04]} O-O {[%emt 0:00:13]} 9. O-O {[%emt 0:00:07]} d6 {
[%emt 0:01:11]} 10. Nbd2 {[%emt 0:00:23]} h6 {[%emt 0:00:38]} 11. c3 {[%emt 0:
01:47]} bxc3 {[%emt 0:05:06]} 12. bxc3 {[%emt 0:00:02]} d5 {[%emt 0:00:27]} 13.
Qc2 {[%emt 0:01:04]} Bg4 {[%emt 0:03:56]} 14. h3 {[%emt 0:01:13]} Bh5 {[%emt 0:
00:06]} 15. Nh4 {[%emt 0:03:50]} dxe4 {[%emt 0:00:20]} 16. dxe4 {[%emt 0:00:05]
} Be2 {[%emt 0:00:02]} 17. Re1 {[%emt 0:00:02]} Bd3 {[%emt 0:00:02]} 18. Qa2 {
[%emt 0:00:07]} Nxe4 {[%emt 0:00:14]} 19. Nxe4 {[%emt 0:00:30]} Bxh4 {[%emt 0:
00:06]} 20. Bd5 {[%emt 0:00:22]} Bb5 {[%emt 0:00:07]} 21. Ba3 {[%emt 0:02:24]}
Be7 {[%emt 0:00:02]} 22. c4 {[%emt 0:00:55]} 1-0

[Event "European Rapid Championship 2021"]
[Site "Katowice"]
[Date "2021.12.19"]
[Round "7.22"]
[White "Malicka, Maria"]
[Black "Flasinski, Michal"]
[Result "1/2-1/2"]
[WhiteElo "1947"]
[BlackElo "2195"]
[Annotator "NA"]
[PlyCount "105"]
[EventDate "2021.12.18"]
[EventType "swiss"]
[EventCountry "POL"]
[SourceTitle "playchess.com"]
[Source "ChessBase"]
[SourceQuality "1"]
[TimeControl "900+10"]

1. e4 {[%emt 0:00:01]} c6 {[%emt 0:00:01]} 2. d4 {[%emt 0:00:01]} d5 {[%emt 0:
00:02]} 3. f3 {[%emt 0:00:01]} dxe4 {[%emt 0:00:02]} 4. fxe4 {[%emt 0:00:01]}
e5 {[%emt 0:00:02]} 5. Nf3 {[%emt 0:00:01]} Bg4 {[%emt 0:00:02]} 6. Bc4 {
[%emt 0:00:02]} Nd7 {[%emt 0:00:04]} 7. c3 {[%emt 0:00:02]} Bxf3 {[%emt 0:03:
20]} 8. Qxf3 {[%emt 0:00:09]} Ngf6 {[%emt 0:00:02]} 9. O-O {[%emt 0:00:49]} Bd6
{[%emt 0:02:38]} 10. Bg5 {[%emt 0:00:47]} Qb6 {[%emt 0:01:01]} 11. Bb3 {
[%emt 0:07:58]} O-O {[%emt 0:02:36]} 12. Be3 {[%emt 0:00:28]} Qc7 {[%emt 0:00:
07]} 13. h3 {[%emt 0:00:28]} c5 {[%emt 0:00:36]} 14. dxc5 {[%emt 0:01:41]} Bxc5
{[%emt 0:00:28]} 15. Nd2 {[%emt 0:00:05]} Bxe3+ {[%emt 0:01:25]} 16. Qxe3 {
[%emt 0:00:01]} Qc5 {[%emt 0:00:07]} 17. Rae1 {[%emt 0:01:19]} Rad8 {[%emt 0:
00:30]} 18. Nf3 {[%emt 0:00:41]} Nxe4 {[%emt 0:00:44]} 19. Qxc5 {[%emt 0:00:05]
} Ndxc5 {[%emt 0:00:58]} 20. Nxe5 {[%emt 0:00:08]} Nxb3 {[%emt 0:00:03]} 21.
axb3 {[%emt 0:00:11]} Nd2 {[%emt 0:00:19]} 22. Rf4 {[%emt 0:00:02]} Nxb3 {
[%emt 0:00:09]} 23. Rb4 {[%emt 0:01:15]} Nc5 {[%emt 0:00:04]} 24. Rb5 {[%emt 0:
00:02]} b6 {[%emt 0:00:51]} 25. Ra1 {[%emt 0:00:28]} Rfe8 {[%emt 0:00:45]} 26.
Nc6 {[%emt 0:00:32]} Rd2 {[%emt 0:00:45]} 27. Rxa7 {[%emt 0:00:20]} h5 {
[%emt 0:00:16]} 28. Re7 {[%emt 0:00:34]} Rxe7 {[%emt 0:00:28]} 29. Nxe7+ {
[%emt 0:00:01]} Kf8 {[%emt 0:00:03]} 30. Nc8 {[%emt 0:00:08]} Na4 {[%emt 0:00:
07]} 31. Nxb6 {[%emt 0:00:10]} Rxb2 {[%emt 0:00:11]} 32. Rxb2 {[%emt 0:00:34]}
Nxb2 {[%emt 0:00:01]} 33. Kf1 {[%emt 0:00:01]} Nd3 {[%emt 0:00:02]} 34. Ke2 {
[%emt 0:00:06]} Ne5 {[%emt 0:00:02]} 35. Ke3 {[%emt 0:00:08]} Ke7 {[%emt 0:00:
03]} 36. Kd4 {[%emt 0:00:15]} Ng6 {[%emt 0:00:17]} 37. c4 {[%emt 0:00:14]} Nh4
{[%emt 0:00:26]} 38. Nd5+ {[%emt 0:00:07]} Kd7 {[%emt 0:00:06]} 39. Ne3 {
[%emt 0:00:11]} g5 {[%emt 0:00:34]} 40. Ke5 {[%emt 0:00:23]} g4 {[%emt 0:00:07]
} 41. hxg4 {[%emt 0:00:08]} hxg4 {[%emt 0:00:02]} 42. g3 {[%emt 0:00:17]} Ng6+
{[%emt 0:00:44]} 43. Kf6 {[%emt 0:00:04]} Kd6 {[%emt 0:00:05]} 44. Nxg4 {
[%emt 0:00:10]} Nf8 {[%emt 0:00:21]} 45. Kxf7 {[%emt 0:00:09]} Ne6 {[%emt 0:00:
02]} 46. Kf6 {[%emt 0:00:31]} Nc5 {[%emt 0:00:11]} 47. Kf5 {[%emt 0:00:15]} Nd3
{[%emt 0:00:13]} 48. Ne3 {[%emt 0:00:13]} Kc5 {[%emt 0:00:05]} 49. Ke4 {
[%emt 0:00:18]} Nf2+ {[%emt 0:00:02]} 50. Kf3 {[%emt 0:00:06]} Nd3 {[%emt 0:00:
08]} 51. g4 {[%emt 0:00:16]} Ne5+ {[%emt 0:00:27]} 52. Kf4 Kd4 53. g5 1/2-1/2

[Event "European Rapid Championship 2021"]
[Site "Katowice"]
[Date "2021.12.19"]
[Round "7.23"]
[White "Nasuta, Grzegorz"]
[Black "Lach, Aleksandra"]
[Result "0-1"]
[WhiteElo "2345"]
[BlackElo "2132"]
[Annotator "NA"]
[PlyCount "130"]
[EventDate "2021.12.18"]
[EventType "swiss"]
[EventCountry "POL"]
[SourceTitle "playchess.com"]
[Source "ChessBase"]
[SourceQuality "1"]
[TimeControl "900+10"]

1. e4 {[%emt 0:00:40]} c5 {[%emt 0:00:07]} 2. Nc3 {[%emt 0:00:06]} Nc6 {
[%emt 0:00:11]} 3. Bb5 {[%emt 0:00:07]} Nd4 {[%emt 0:00:11]} 4. Nf3 {[%emt 0:
00:02]} a6 {[%emt 0:00:31]} 5. Bc4 {[%emt 0:02:22]} Nxf3+ {[%emt 0:04:24]} 6.
Qxf3 {[%emt 0:00:05]} e6 {[%emt 0:00:01]} 7. d3 {[%emt 0:02:43]} Ne7 {[%emt 0:
04:03]} 8. O-O {[%emt 0:03:20]} Nc6 {[%emt 0:02:18]} 9. Be3 {[%emt 0:00:02]}
Be7 {[%emt 0:01:58]} 10. a3 {[%emt 0:00:42]} O-O {[%emt 0:00:10]} 11. Ba2 {
[%emt 0:00:15]} b6 {[%emt 0:01:00]} 12. Qg3 {[%emt 0:02:44]} Bb7 {[%emt 0:00:
10]} 13. f4 {[%emt 0:00:05]} f5 {[%emt 0:00:19]} 14. e5 {[%emt 0:01:19]} d5 {
[%emt 0:00:36]} 15. exd6 {[%emt 0:00:04]} Qxd6 {[%emt 0:00:01]} 16. Rae1 {
[%emt 0:00:21]} Rf6 {[%emt 0:00:00]} 17. Re2 {[%emt 0:02:17]} Rg6 {[%emt 0:00:
14]} 18. Qe1 {[%emt 0:00:01]} Re8 {[%emt 0:00:20]} 19. h3 {[%emt 0:00:46]} Bd8
{[%emt 0:00:32]} 20. Kh2 {[%emt 0:00:03]} Kh8 {[%emt 0:00:09]} 21. Bg1 {
[%emt 0:00:16]} Bc7 {[%emt 0:00:00]} 22. Nd5 {[%emt 0:00:18]} Bd8 {[%emt 0:00:
23]} 23. Ne3 {[%emt 0:00:01]} Nd4 {[%emt 0:00:03]} 24. Nc4 {[%emt 0:00:01]} Qc6
{[%emt 0:00:09]} 25. Rff2 {[%emt 0:00:08]} Rxg2+ {[%emt 0:00:09]} 26. Rxg2 Nf3+
27. Kh1 {[%emt 0:00:14]} Nxe1 {[%emt 0:00:02]} 28. Ne5 {[%emt 0:00:02]} Qxg2+ {
[%emt 0:00:50]} 29. Rxg2 {[%emt 0:00:01]} Nxg2 {[%emt 0:00:02]} 30. Nf7+ {
[%emt 0:00:06]} Kg8 {[%emt 0:00:02]} 31. Nd6 {[%emt 0:00:00]} Nxf4+ {[%emt 0:
00:18]} 32. Nxb7 {[%emt 0:00:01]} Bc7 {[%emt 0:00:05]} 33. Bh2 {[%emt 0:00:20]}
Kf7 {[%emt 0:00:08]} 34. Bc4 {[%emt 0:00:30]} Ra8 {[%emt 0:00:36]} 35. a4 {
[%emt 0:00:32]} Ke7 {[%emt 0:00:20]} 36. a5 {[%emt 0:00:03]} g5 {[%emt 0:00:22]
} 37. axb6 {[%emt 0:00:05]} Bxb6 {[%emt 0:00:01]} 38. Bg1 {[%emt 0:00:11]} Nxh3
{[%emt 0:00:16]} 39. Bxc5+ {[%emt 0:00:02]} Bxc5 {[%emt 0:00:02]} 40. Nxc5 {
[%emt 0:00:01]} Nf4 {[%emt 0:00:02]} 41. Nxa6 {[%emt 0:00:04]} g4 {[%emt 0:00:
06]} 42. b4 {[%emt 0:00:06]} Kd6 {[%emt 0:00:02]} 43. b5 {[%emt 0:00:02]} Nd5 {
[%emt 0:00:03]} 44. Bb3 {[%emt 0:00:51]} Nc3 {[%emt 0:00:28]} 45. Bc4 {[%emt 0:
00:25]} f4 {[%emt 0:00:35]} 46. b6 {[%emt 0:00:11]} Kc6 {[%emt 0:00:01]} 47.
Nb4+ {[%emt 0:00:05]} Kxb6 {[%emt 0:00:02]} 48. Bxe6 {[%emt 0:00:01]} f3 {
[%emt 0:00:17]} 49. Bxg4 {[%emt 0:00:07]} Ra1+ {[%emt 0:00:01]} 50. Kh2 {
[%emt 0:00:01]} f2 {[%emt 0:00:01]} 51. Bh3 {[%emt 0:00:03]} f1=Q {[%emt 0:00:
02]} 52. Bxf1 {[%emt 0:00:02]} Rxf1 {[%emt 0:00:01]} 53. d4 {[%emt 0:00:01]}
Rd1 {[%emt 0:00:04]} 54. Nd3 {[%emt 0:00:06]} Rd2+ {[%emt 0:00:04]} 55. Kh3 {
[%emt 0:00:05]} Rxc2 {[%emt 0:00:02]} 56. Ne5 {[%emt 0:00:04]} Nb5 {[%emt 0:00:
22]} 57. d5 {[%emt 0:00:03]} Kc5 {[%emt 0:00:04]} 58. Nd3+ {[%emt 0:00:02]} Kd6
{[%emt 0:00:01]} 59. Kg4 {[%emt 0:00:14]} Nc7 {[%emt 0:00:08]} 60. Kg5 {
[%emt 0:00:27]} Nxd5 {[%emt 0:00:09]} 61. Ne1 {[%emt 0:00:09]} Rc3 {[%emt 0:00:
08]} 62. Kh6 {[%emt 0:00:40]} Nf6 {[%emt 0:00:13]} 63. Kg7 {[%emt 0:00:36]} Ke6
{[%emt 0:00:12]} 64. Ng2 {[%emt 0:00:03]} Rg3+ {[%emt 0:00:08]} 65. Kh6 {
[%emt 0:00:03]} Rg6# {[%emt 0:00:01]} 0-1